MARC

LEADER 00000nam0a2200000 4500
001 283894
005 20231101235636.0
035 |a (RuTPU)RU\TPU\book\308031 
090 |a 283894 
100 |a 20150211d1985 km y0rusy50 ca 
101 1 |a rus  |c eng 
102 |a RU 
105 |a a z 001zy 
200 1 |a Введение в фурье-оптику  |e пер. с англ.  |f И. Г. Стюард 
210 |a Москва  |c Мир  |d 1985 
215 |a 182 с.  |c ил. 
320 |a Библиогр.: с. 175-180 
606 1 |a Оптика  |2 stltpush  |3 (RuTPU)RU\TPU\subj\67665  |9 83386 
610 1 |a фурье-оптика 
610 1 |a когерентная оптика 
610 1 |a источники света 
610 1 |a дифракция Фраунгофера 
610 1 |a ряды Фурье 
610 1 |a периодические структуры 
610 1 |a свертка 
610 1 |a корреляция 
610 1 |a преобразование Фурье 
610 1 |a оптическое изображение 
610 1 |a голография 
610 1 |a интерферометрия 
675 |a 535  |v 3 
700 1 |a Стюард  |b И. Г. 
801 1 |a RU  |b 63413507  |c 20150211 
801 2 |a RU  |b 63413507  |c 20171009  |g RCR 
942 |c BK